[Event "SVK-ch op"]
[Site "Banska Stiavnica"]
[Date "2013.07.14"]
[Round "9"]
[White "Recky, Norbert"]
[Black "Karas, Juraj"]
[Result "1-0"]
[WhiteElo "1879"]
[BlackElo "1732"]
[PlyCount "57"]
[EventDate "2013.07.06"]
[EventType "swiss"]
[EventRounds "9"]
[EventCountry "SVK"]
[SourceTitle "CBM 155 Extra"]
[Source "ChessBase"]
[SourceDate "2013.08.26"]
[SourceVersion "1"]
[SourceVersionDate "2013.08.26"]
[SourceQuality "1"]

1. e4 e6 2. d4 d5 3. e5 c5 4. c3 Nc6 5. Nf3 Qb6 6. a3 c4 7. Be2 Bd7 8. 0-0 0-0-0 9. Nbd2 f6 10. b3 fxe5 11. Nxe5 Nxe5 12. dxe5 cxb3 13. Qxb3 Bc5 14. a4 Rf8 15. Qxb6 Bxb6 16. a5 Bc7 17. Nf3 Ne7 18. a6 Ng6 19. axb7+ Kxb7 20. Ba6+ Kb8 21. Ba3 Rf4 22. Bd6 Bxd6 23. exd6 Ka8 24. Rfb1 Bc6 25. Nd4 Rxd4 26. cxd4 Rd8 27. Rc1 Rxd6 28. Rab1 e5 29. Rxc6 1-0

[Event "SVK-ch op"]
[Site "Banska Stiavnica"]
[Date "2013.07.06"]
[Round "1"]
[White "Mosny, Jaroslav"]
[Black "Karas, Juraj"]
[Result "1-0"]
[WhiteElo "1926"]
[BlackElo "1732"]
[PlyCount "67"]
[EventDate "2013.07.06"]
[EventType "swiss"]
[EventRounds "9"]
[EventCountry "SVK"]
[SourceTitle "CBM 155 Extra"]
[Source "ChessBase"]
[SourceDate "2013.08.26"]
[SourceVersion "1"]
[SourceVersionDate "2013.08.26"]
[SourceQuality "1"]

1. d4 d5 2. Nf3 Nf6 3. e3 e6 4. Bd3 c5 5. b3 Nc6 6. 0-0 cxd4 7. exd4 Qb6 8. Bb2 Bd7 9. Nbd2 Be7 10. a3 Na5 11. Ne5 0-0 12. Qe2 Rac8 13. f4 Bb5 14. c4 Ba6 15. c5 Bxd3 16. Qxd3 Qc7 17. b4 Nc6 18. b5 Nxe5 19. fxe5 Nd7 20. Rac1 Nb8 21. Nf3 a6 22. a4 Qa5 23. Ra1 f6 24. Bc3 Qc7 25. Bd2 axb5 26. axb5 Nd7 27. Bf4 fxe5 28. Nxe5 Rxf4 29. Rxf4 Nxe5 30. dxe5 Qxe5 31. Rff1 Bxc5+ 32. Kh1 Bd6 33. Qh3 Rc3 34. Ra8+ 1-0